| 000 | 00374nam a2200145Ia 4500 | ||
|---|---|---|---|
| 005 | 20260328101442.0 | ||
| 008 | 260328s9999||||xx |||||||||||||| ||und|| | ||
| 100 | _aMichaels, Leonard | ||
| 245 | 0 |
_aContemporary Structure in Architecture / _cLeonard Michaels |
|
| 250 | _a1a ed. | ||
| 260 | _bReinhold | ||
| 300 | _a229 p. | ||
| 650 | _aDETALLES CONSTRUCTIVOS | ||
| 942 | _cBK | ||
| 999 |
_c8329 _d8329 |
||